Basic Medical Microbiology (Record no. 554)

MARC details
000 -LEADER
fixed length control field 00926pam a2200289 a 4500
001 - CONTROL NUMBER
control field 1597216
003 - CONTROL NUMBER IDENTIFIER
control field OSt
005 - DATE AND TIME OF LATEST TRANSACTION
control field 20250917154803.0
008 - FIXED-LENGTH DATA ELEMENTS--GENERAL INFORMATION
fixed length control field 940928s1995 mauaf b 001 0 eng c
010 ## - LIBRARY OF CONGRESS CONTROL NUMBER
LC control number 94024134
020 ## - INTERNATIONAL STANDARD BOOK NUMBER
International Standard Book Number 0316104450
040 ## - CATALOGING SOURCE
Original cataloging agency DNLM/DLC
Transcribing agency DLC
Modifying agency DLC
050 00 - LIBRARY OF CONGRESS CALL NUMBER
Classification number QR46
Item number .B65 1995
060 00 - NATIONAL LIBRARY OF MEDICINE CALL NUMBER
Classification number QW 4 B789b 1995
082 00 - DEWEY DECIMAL CLASSIFICATION NUMBER
Classification number GW 4 B7896 1995
Edition number 20
100 1# - MAIN ENTRY--PERSONAL NAME
Personal name Boyd, Robert F.
9 (RLIN) 1431
245 00 - TITLE STATEMENT
Title Basic Medical Microbiology
250 ## - EDITION STATEMENT
Edition statement 5th ed.
260 ## - PUBLICATION, DISTRIBUTION, ETC. (IMPRINT)
Place of publication, distribution, etc. Boston :
Name of publisher, distributor, etc. Little, Brown,
Date of publication, distribution, etc. 1995.
300 ## - PHYSICAL DESCRIPTION
Extent xvi, 642 p., [8] p. of plates :
Other physical details ill. (some col.) ;
Dimensions 29 cm.
504 ## - BIBLIOGRAPHY, ETC. NOTE
Bibliography, etc Includes bibliographical references, & index.
650 #0 - SUBJECT ADDED ENTRY--TOPICAL TERM
Topical term or geographic name as entry element Medical microbiology.
9 (RLIN) 741
650 12 - SUBJECT ADDED ENTRY--TOPICAL TERM
Topical term or geographic name as entry element Microbiology.
9 (RLIN) 749
906 ## - LOCAL DATA ELEMENT F, LDF (RLIN)
a 7
b cbc
c orignew
d 1
e ocip
f 19
g y-gencatlg
942 ## - ADDED ENTRY ELEMENTS (KOHA)
Source of classification or shelving scheme Other/Generic Classification Scheme
Koha item type Open Shelf
Holdings
Withdrawn status Lost status Source of classification or shelving scheme Damaged status Not for loan Home library Current library Date acquired Source of acquisition Inventory number Total Checkouts Full call number Barcode Date last seen Koha item type
    Other/Generic Classification Scheme     MUST Main Library MUST Main Library 22/10/2014 Purchase 03/18318   GW 4 B7896 1995 2014-3070 22/10/2014 Open Shelf